000 00304nam a22001337a 4500
008 170227b xxu||||| |||| 00| 0 eng d
020 _a9780073221076
041 _aeng
080 _25TH
_a577
100 _a5
101 _aSHMB
245 _aGENERAL ORGANIC AND BIOCHEMISTRY
_cDENNISTON
942 _2udc
_cBK
999 _c6304
_d6304